000 00930nam a2200277 a 4500
001 000003699
005 20240510073816.0
008 090713s2001 sp 001 0 spa d
020 _a8483382768
020 _a9788483382769
040 _aDO-SdBNP
_bspa
_cBNPHU
082 _a142.7
_bB391h
100 1 _aBech, Josep María,
_d1942-
_911300
245 1 0 _aDe Husserl a Heidegger :
_bla transformación del pensamiento fenomenológico /
_cJosep Marìa Bech.
260 _aBarcelona :
_bUniversitat de Barcelona,
_c2001.
300 _a548 p. ;
_c22 cm.
490 0 _aFilosofía ;
_vno. 9
500 _aIncluye índice
504 _aIncluye referencias bibliográficas y notas al pie de las páginas.
600 1 4 _aHUSSERL, EDMUND,
_d1859-1938
_911301
600 1 4 _aHEIDEGGER, MARTIN,
_d1889-1976
_911302
650 4 _aFenomenología
_911303
650 0 _aFilosofía
_9813
830 1 _aFilosofía ;
_vno. 9
_92459
049 _aBNPD
999 _c3521
_d3521